| 000 | 00579cam a22002171 4500 | ||
|---|---|---|---|
| 001 | 10173390 | ||
| 005 | 20180216094923.0 | ||
| 008 | 891212s1936 mbc 001 0 eng | ||
| 010 | _a 36008862 | ||
| 035 | _a(OCoLC)20770684 | ||
| 040 |
_aDLC _cRPB _dDLC |
||
| 041 | _aeng | ||
| 042 | _apremarc | ||
| 080 | _a821 rob | ||
| 082 | _282 rob | ||
| 100 | 1 | _a24 | |
| 101 | _agju | ||
| 245 | 0 | 4 | _aThe poems of Robert Burns Thomson; |
| 906 |
_a7 _bcbc _coclcrpl _du _encip _f19 _gy-gencatlg |
||
| 942 |
_2ddc _cBK |
||
| 999 |
_c42851 _d42851 |
||